Composants d'un ordinateur : N°1 - Statistiques

Statistiques générales
  • Ce quiz a été pris 137 fois
  • Le résultat moyen est 7 sur 9
Statistiques - réponses
Par images Réponse % Correct
Ventilateur
95%
Processeur
91%
Carte mère
88%
Mémoire vive
88%
Carte graphique
85%
Disque dur
85%
Boitier
73%
Alimentation
68%
Ventirad
58%
Aucun quiz correspondant
Distribution des résultats
% des personnes avec chaque résultat
Percentile par nombre de réponses
Votre historique - résultats
Vous n’avez pas pris ce quiz